000 00660nam a2200265 i 4500
001 bg
100 1 _aSCHWARTZ, Randal L.
245 1 0 _aPerl :
_bwprowadzenie /
_cRandal L. Schwartz, Tom Christiansen.
250 _aWyd.2.
260 _aGliwice :
_b"Helion",
_ccop.2000.
300 _a254 s. ;
_c24 cm.
490 1 _aProgramowanie
504 _aIndeks.
650 9 _aPERL
655 _aPodręczniki
700 1 _aCHRISTIANSEN, Tom
830 _aProgramowanie
020 _a8371972202
040 _cBPK
041 1 _apl
_hen
080 _a004.438(07)Perl
920 _a83-7197-220-2
942 _cKS
008 s pl f |000 0 pol
999 _c37515
_d37515
856 _uhttp://koha.tu.koszalin.pl/cgi-bin/koha/opac-detail.pl?biblionumber=37515
_yKatalog online BPK